Trabajo y economía solidaria : (Registro nro. 7781)

Detalles MARC
000 -LEADER
fixed length control field 01434nam a2200229Ia 4500
003 - CONTROL NUMBER IDENTIFIER
control field OSt
005 - DATE AND TIME OF LATEST TRANSACTION
control field 20210506001056.0
008 - FIXED-LENGTH DATA ELEMENTS--GENERAL INFORMATION
fixed length control field 210310q2000 ck ad gr 000 0 spa d
040 ## - CATALOGING SOURCE
Original cataloging agency CO-JMCR
Transcribing agency CO-JMCR
041 0# - LANGUAGE CODE
Language code of text/sound track or separate title spa
082 04 - DEWEY DECIMAL CLASSIFICATION NUMBER
Classification number 334.006 /
Item number D262t
Edition number 23
110 2# - MAIN ENTRY--CORPORATE NAME
Corporate name or jurisdiction name as entry element Departamento Administrativo Nacional de la Economía Solidaria
9 (RLIN) 37462
245 10 - TITLE STATEMENT
Title Trabajo y economía solidaria :
Remainder of title estratégicas de justicia social y paz /
Statement of responsibility, etc. Departamento Administrativo Nacional de la Economía Solidaria
260 ## - PUBLICATION, DISTRIBUTION, ETC.
Place of publication, distribution, etc. [Bogotá] :
Name of publisher, distributor, etc. Dansocial,
Date of publication, distribution, etc. 2000
300 ## - PHYSICAL DESCRIPTION
Extent 42 páginas :
Other physical details ilustraciones y gráficas a color ;
Dimensions 28 cm.
500 ## - GENERAL NOTE
General note "Plan de acción. Plataforma estratégica"--Portada
504 ## - BIBLIOGRAPHY, ETC. NOTE
Bibliography, etc. note Bibliografía: páginas 41-42
505 0# - FORMATTED CONTENTS NOTE
Formatted contents note Políticas generales para la economía solidaria -- Nuestra misión -- Nuestra visión -- Nuestros principios -- Fines de la economía solidaria -- La estructura del Dansocial -- Objetivo general -- Objetivos específicos -- Funciones generales -- Políticas hacia el interior del departamento -- Estrategias orientadas al desarrollo del sector solidario -- Cobertura-Población objeto -- Prospectiva para la elaboración de los planes operativos que dinamicen el desarrollo de la economía solidaria -- Cooperación interinstitucional -- Control de gestión institucional
650 14 - SUBJECT ADDED ENTRY--TOPICAL TERM
Topical term or geographic name entry element Economía solidaria
9 (RLIN) 15441
650 24 - SUBJECT ADDED ENTRY--TOPICAL TERM
Topical term or geographic name entry element Economía solidaria
General subdivision Estrategias
9 (RLIN) 37463
942 ## - ADDED ENTRY ELEMENTS (KOHA)
Source of classification or shelving scheme Dewey Decimal Classification
Koha item type Books
Existencias
Withdrawn status Lost status Source of classification or shelving scheme Damaged status Not for loan Collection code Home library Current library Date acquired Source of acquisition Full call number Barcode Date last seen Copy number Koha item type
    Dewey Decimal Classification     Non-fiction Biblioteca Pública José María del Castillo y Rada Biblioteca Pública José María del Castillo y Rada 04/15/2018 Donación 334.006 / D262t 430003707 05/16/2024 Ej.1 Books